Architektura : Průvodce pro každého

Enregistré dans:
Détails bibliographiques
Auteur principal: Ballantyne, Andrew (Auteur)
Autres auteurs: Weissová, Barbora (Traducteur)
Format: Livre
Langue:tchèque
Publié: Praha : Dokořán, 2008
Sujets:
Tags: Ajouter un tag
Pas de tags, Soyez le premier à ajouter un tag!

MARC

LEADER 00000nam a22000003a 4500
001 stu159011
005 20150617225958.5
008 080303s2008------------------------cze-d
020 |a 978-80-7363-085-0 
040 |a STU  |b slo 
041 0 |a cze 
100 1 |a Ballantyne, Andrew  |4 aut 
245 1 |a Architektura :  |b Průvodce pro každého 
260 |a Praha :  |b Dokořán,  |c 2008 
300 |a 129 s 
650 7 |a architektúra  |2 stusub 
700 1 |a Weissová, Barbora  |4 trl 
996 |b 284AU03869  |c A*5784  |l AA3130  |s P  |a 0  |w stu159011_0001